000 00442nam a2200181Ia 4500
001 19448
005 20260306172654.0
008 260306t2013||||xx |||||||||||||| ||spa||
041 _aESP
082 _a346C5
_bG81
100 _aEditora y Librería Jurídica Grijley E.I.R.L.
_eAUT
245 0 _aCódigo Civil:
_bCódigo Procesal Civil
260 _c2013
300 _a
_c
650 _aGEN
654 _aCDE
942 _cLIB
_dJUS
_fJUS
_2ddc
_n
999 _c19448
_d19448